书目信息 |
| 题名: |
李白
|
|
| 作者: | 古人很潮 编著 | |
| 分册: | ||
| 出版信息: | 武汉 长江出版社 2021.04 |
|
| 页数: | 215页 | |
| 开本: | 24cm | |
| 丛书名: | ||
| 单 册: | ||
| 中图分类: | K825.6=422 | |
| 科图分类: | ||
| 主题词: | 诗人--shi ren--传记--中国--唐代 | |
| 电子资源: | ||
| ISBN: | 978-7-5492-7637-0 | |
| 000 | 01110nam0 2200265 450 | |
| 001 | CAL 0120217185302 | |
| 005 | 20230217093112.0 | |
| 010 | @a978-7-5492-7637-0@dCNY49.80 | |
| 100 | @a20210701d2021 em y0chiy0120 ea | |
| 101 | 0 | @achi |
| 102 | @aCN@b420000 | |
| 105 | @aa z 000yb | |
| 106 | @ar | |
| 200 | 1 | @a李白@Ali bai@e与君天下游@f古人很潮编著 |
| 210 | @a武汉@c长江出版社@d2021.04 | |
| 215 | @a215页@c彩图@d24cm | |
| 306 | @a由天津漫娱图书有限公司正式授权出版 | |
| 330 | @a本书是一本以李白为主角让读者重新了解李白感受唐代诗人之间深厚友情的故事书。整本书共四个单元, 分别展示了李白自己的人生、与朋友之间的情投意合等, 同时除了李白直接的朋友之外, 我们将他对后世的影响也加入其中, 不仅能让读者看到李白在当时的受欢迎程度, 还能看到这些影响是长久的。其间我们穿插了一些有趣的漫画让读者在愉悦的阅读气氛中阅读此书。 | |
| 517 | 1 | @a与君天下游@Ayu jun tian xia you |
| 600 | 0 | @a李白,@Ali bai@f701-762@x传记 |
| 606 | 0 | @a诗人@Ashi ren@x传记@y中国@z唐代 |
| 690 | @aK825.6=422@v5 | |
| 701 | 0 | @a古人很潮@Agu ren hen chao@4编著 |
| 801 | 0 | @aCN@bBJXHZP@c20230228 |
| 905 | @b1404557-60@dK825.6=422@e1553@f4 | |
| 李白:与君天下游/古人很潮编著.-武汉:长江出版社,2021.04 |
| 215页:彩图;24cm |
| ISBN 978-7-5492-7637-0:CNY49.80 |
| 本书是一本以李白为主角让读者重新了解李白感受唐代诗人之间深厚友情的故事书。整本书共四个单元, 分别展示了李白自己的人生、与朋友之间的情投意合等, 同时除了李白直接的朋友之外, 我们将他对后世的影响也加入其中, 不仅能让读者看到李白在当时的受欢迎程度, 还能看到这些影响是长久的。其间我们穿插了一些有趣的漫画让读者在愉悦的阅读气氛中阅读此书。 |
| ● |
| 相关链接 |
|
|
|
|
正题名:李白
索取号:K825.6=422/1553
 
预约/预借
| 序号 | 登录号 | 条形码 | 馆藏地/架位号 | 状态 | 备注 |
| 1 | 1404557 | 214045576 | 第二样本阅览室/ [索取号:K825.6=422/1553] | 在馆 | |
| 2 | 1404558 | 214045585 | 第二借阅区/ [索取号:K825.6=422/1553] | 在馆 | |
| 3 | 1404559 | 214045594 | 第二借阅区/ [索取号:K825.6=422/1553] | 在馆 | |
| 4 | 1404560 | 214045601 | 第二借阅区/ [索取号:K825.6=422/1553] | 在馆 |